书目信息 |
| 题名: |
方法:语言学的灵魂
|
|
| 作者: | 朱晓农 著 | |
| 分册: | ||
| 出版信息: | 北京 北京大学出版社 2008.05 |
|
| 页数: | 336页 | |
| 开本: | 23cm | |
| 丛书名: | 语言学前沿丛书 | |
| 单 册: | ||
| 中图分类: | H0 | |
| 科图分类: | ||
| 主题词: | 语言学--yu yan xue--研究方法 | |
| 电子资源: | ||
| ISBN: | 978-7-301-13741-3 | |
| 000 | 00994nam 2200289 450 | |
| 001 | 012008757291 | |
| 005 | 20080703144327.04 | |
| 010 | @a978-7-301-13741-3@dCNY38.00 | |
| 100 | @a20080611d2008 em y0chiy0120 ea | |
| 101 | 0 | @achi |
| 102 | @aCN@b110000 | |
| 105 | @ay a 000yy | |
| 106 | @ar | |
| 200 | 1 | @a方法:语言学的灵魂@Afang fa:yu yan xue de ling hun@f朱晓农著@Fzhu xiao nong zhu |
| 210 | @a北京@c北京大学出版社@d2008.05 | |
| 215 | @a336页@d23cm | |
| 225 | 2 | @a语言学前沿丛书@Ayu yan xue qian yan cong shu@h第十种 |
| 312 | @a英文并列题名取自封面 | |
| 320 | @a有书目 (第323-334页) | |
| 330 | @a本书主要内容包括:科学精神和科学方法,社会意义和研究潮流,科学的哲学背景:发现模式,语言学的背景:流派二百年等。 | |
| 410 | 0 | @12001 @a语言学前沿丛书 |
| 510 | 1 | @aMethodology the soul of linguistics@zeng |
| 606 | 0 | @a语言学@Ayu yan xue@x研究方法 |
| 690 | @aH0@v4 | |
| 701 | 0 | @a朱晓农@Azhu xiao nong@4著 |
| 801 | 0 | @aCN@bQSSK@c20080703 |
| 905 | @b730535-37@dH0@eZ884@f3 | |
| 方法:语言学的灵魂/朱晓农著.-北京:北京大学出版社,2008.05 |
| 336页;23cm.-(语言学前沿丛书.第十种) |
| ISBN 978-7-301-13741-3:CNY38.00 |
| 本书主要内容包括:科学精神和科学方法,社会意义和研究潮流,科学的哲学背景:发现模式,语言学的背景:流派二百年等。 |
| ● |
| 相关链接 |
|
|
|
正题名:方法:语言学的灵魂
索取号:H0/Z884
 
预约/预借
| 序号 | 登录号 | 条形码 | 馆藏地/架位号 | 状态 | 备注 |
| 1 | 730535 | 207305352 | 语言库209/209语言库 61排4列6层/ [索取号:H0/Z884] | 在馆 | |
| 2 | 730536 | 207305361 | 语言库209/209语言库 61排4列6层/ [索取号:H0/Z884] | 在馆 | |
| 3 | 730537 | 207305370 | 语言库209/209语言库 61排4列6层/ [索取号:H0/Z884] | 在馆 |